How to prepare a feasibility study
| Main Author: | |
|---|---|
| Other Authors: | |
| Format: | Book |
| Published: |
Englewood cliff, N.J. :
Prentice-Hall ,
1982
|
| Series: | A spectrum book
|
| Subjects: |
MARC
| LEADER | 00000cam a2200000 7i4500 | ||
|---|---|---|---|
| 001 | 0000000129 | ||
| 005 | 20050509.0 | ||
| 020 | |a 0134292588 | ||
| 040 | |a INS | ||
| 090 | 0 | 0 | |a HD47.4. |b S76 1982 |
| 100 | 1 | |a Stevens, Robert E. | |
| 245 | 1 | 0 | |a How to prepare a feasibility study |c Robert E. Stevens |
| 260 | |a Englewood cliff, N.J. : |b Prentice-Hall , |c 1982 | ||
| 300 | |a xiii, 232p ; |c 24 cm. | ||
| 440 | 0 | |a A spectrum book | |
| 650 | 0 | 0 | |a Cost effectiveness |
| 650 | 0 | 0 | |a Feasibility study |
| 650 | 0 | 0 | |a New products |
| 700 | 1 | |a Sherwood, Philips K. | |
| 999 | |a 0000000220 |b BOOK |c Open Shelf |e Default branch | ||